000 00854nac a22002531i 4500
003 EG-ScBUE
005 20260421095154.0
008 260421r19871978nyua f 001 0 eng d
020 _a0878915141
040 _aEG-ScBUE
_beng
_erda
_cEG-ScBUE
_dEG-ScBUE
082 0 4 _a574.076
_bBIO
_222
245 0 4 _aThe biology problem solver /
_cstaff of Research and Education Association ; Directed by M. Fogiel
250 _bRevised printing.
264 1 _aNew York :
_bResearch and Education Association,
_c1987.
300 _axv, 1069 pages :
_billustrations ;
_c26 cm
336 _2rdacontent
_atext
_btxt
337 _aunmediated
_2rdamedia
_bn
338 _avolume
_bnc
_2rdacarrier
500 _aIncludes index.
650 7 _aBiology
_xProblems, exercises, etc.
_2BUEsh
655 _vReading book
700 1 _aFogiel, M.
_q(Max)
_edirector.
942 _cBB
_2ddc
999 _c9736
_d9736